000 00742nam a2200217Ia 4500
001 10774
003 GE_BSU
008 181216s||||||||xx |||||||||||||| ||und||
040 _cGE_BSU
080 _a821.353.1-31
100 _aქეთელაური,სულხან.
245 _aმფრინავი ცისარტყელები.
245 _bრომანი.
245 _cრედ.ვახტანგ პეტრიაშვილი; მხატვ.ლ.ქუთათელაძე.
260 _aთბილისი.
260 _bმერანი.
260 _c1987.
300 _a422გვ;21სმ.
653 _aმფრინავი ცისარტყელები.
942 _cBK
999 _c44023
_d44023